<?xml version="1.0" encoding="UTF-8"?>
<collection xmlns="http://www.loc.gov/MARC21/slim">
 <record>
  <leader>02852nam a2200301 a 4500</leader>
  <controlfield tag="001">1/45288</controlfield>
  <controlfield tag="008">140822s1998    uk            001 0 eng  </controlfield>
  <datafield tag="020" ind1=" " ind2=" ">
   <subfield code="a">9780750635899</subfield>
  </datafield>
  <datafield tag="020" ind1=" " ind2=" ">
   <subfield code="a">0750635894</subfield>
  </datafield>
  <datafield tag="035" ind1=" " ind2=" ">
   <subfield code="l">48248</subfield>
  </datafield>
  <datafield tag="040" ind1=" " ind2=" ">
   <subfield code="a">OPELS</subfield>
   <subfield code="b">eng</subfield>
   <subfield code="c">OPELS</subfield>
   <subfield code="d">OCLCQ</subfield>
   <subfield code="d">OCLCF</subfield>
   <subfield code="d">GR-PeUP</subfield>
  </datafield>
  <datafield tag="100" ind1="1" ind2=" ">
   <subfield code="a">Strauss, Rudolf.</subfield>
  </datafield>
  <datafield tag="245" ind1="1" ind2="0">
   <subfield code="a">SMT soldering handbook</subfield>
   <subfield code="h">[electronic resource] /</subfield>
   <subfield code="c">Rudolf Strauss.</subfield>
  </datafield>
  <datafield tag="250" ind1=" " ind2=" ">
   <subfield code="a">2nd ed.</subfield>
  </datafield>
  <datafield tag="260" ind1=" " ind2=" ">
   <subfield code="a">Oxford ;</subfield>
   <subfield code="a">Boston :</subfield>
   <subfield code="b">Newnes,</subfield>
   <subfield code="c">1998.</subfield>
  </datafield>
  <datafield tag="300" ind1=" " ind2=" ">
   <subfield code="a">1 online resource (xvii, 371 p.) :</subfield>
   <subfield code="b">ill.</subfield>
  </datafield>
  <datafield tag="520" ind1=" " ind2=" ">
   <subfield code="a">Surface Mount Technology has had a profound influence on the electronics industry, and has led to the use of new materials, techniques and manufacturing processes. Since the first edition of this book was written, electronic assemblies have continued to become still smaller and more complex, while soldering still remains the dominant connecting technique. This is a comprehensive guide to current methods of soldering components to their substrates, written by one of the founding fathers of the technology. It also covers component placement, the post-CFC technology of cleaning after soldering, and the principles and methods of quality control and rework. New sections deal with Ball-Grid-Array (BGA) technology, lead-free solders, no-clean fluxes, and the current standard specifications for solders and fluxes. Dr Rudolf Strauss has spent most of his working life with a leading manufacturer of solders and fluxes. He was responsible for a number of innovations including the concept of wave soldering, and for many years has been active as lecturer, consultant, and technical author. His book explains the principles of soldering and surface mount technology in practical terms and plain language, free from jargon. It is addressed to the man, or woman, who has to do the job, but it will also be of help in planning manufacturing strategy and in making purchasing decisions relating to consumables and equipment. Written by founding father of SMT technology Standard specifications have been fully updated New chapter covering Ball Grid Array (BGA) technology.</subfield>
  </datafield>
  <datafield tag="505" ind1="0" ind2=" ">
   <subfield code="a">Why SMDs?; The SMD family; Soldering; Wave soldering; Reflow soldering; The circuit board; Component placement; Cleaning; Quality control and inspection; Rework; Index.</subfield>
  </datafield>
  <datafield tag="500" ind1=" " ind2=" ">
   <subfield code="a">Rev. ed. of: Surface mount technology. 1994.</subfield>
  </datafield>
  <datafield tag="504" ind1=" " ind2=" ">
   <subfield code="a">Includes bibliographical references and index.</subfield>
  </datafield>
  <datafield tag="650" ind1=" " ind2="4">
   <subfield code="a">Surface mount technology.</subfield>
  </datafield>
  <datafield tag="650" ind1=" " ind2="4">
   <subfield code="a">Printed circuits</subfield>
   <subfield code="x">Design and construction.</subfield>
  </datafield>
  <datafield tag="655" ind1=" " ind2="4">
   <subfield code="a">Electronic books.</subfield>
  </datafield>
  <datafield tag="700" ind1="1" ind2=" ">
   <subfield code="a">Strauss, Rudolf.</subfield>
   <subfield code="t">Surface mount technology.</subfield>
  </datafield>
  <datafield tag="852" ind1=" " ind2=" ">
   <subfield code="a">INST</subfield>
   <subfield code="b">UNIPILB</subfield>
   <subfield code="c">EBOOKS</subfield>
   <subfield code="e">20140822</subfield>
   <subfield code="p">00b48248</subfield>
   <subfield code="q">00b48248</subfield>
   <subfield code="t">ONLINE</subfield>
   <subfield code="y">0</subfield>
  </datafield>
  <datafield tag="856" ind1="4" ind2="0">
   <subfield code="3">ScienceDirect</subfield>
   <subfield code="u">http://www.sciencedirect.com/science/book/9780750635899</subfield>
  </datafield>
  <datafield tag="856" ind1="4" ind2=" ">
   <subfield code="d">/webopac/covers/03/48248_9780750635899.jpg</subfield>
  </datafield>
  <datafield tag="856" ind1="4" ind2=" ">
   <subfield code="d">/webopac/covers/03/48248_0750635894.jpg</subfield>
  </datafield>
 </record>
</collection>
